| 000 | 00480nam a2200193Ia 4500 | ||
|---|---|---|---|
| 005 | 20140428105011.0 | ||
| 008 | 140130s9999 xx 000 0 und d | ||
| 020 | _a0439322286 | ||
| 050 |
_aPZ 7 _b.Ea115We 2001 |
||
| 100 |
_aEager, Edward _923861 |
||
| 245 |
_cEdward Eager _aThe Well-Wishes. |
||
| 260 |
_bScholastic, _c2001. _aUSA : |
||
| 300 |
_a220 p. : _bill. ; _c24 cm. |
||
| 440 |
_v1 _931174 |
||
| 521 | _aG5 | ||
| 526 | _c790 | ||
| 942 |
_cBK _2lcc |
||
| 999 |
_c41143 _d41143 |
||